书目信息 |
| 题名: |
新生儿常见疾病诊疗学
|
|
| 作者: | 高玉春 , 吉米兰木·萨迪克 , 李慧敏 主编 | |
| 分册: | ||
| 出版信息: | 南昌 江西科学技术出版社 2019 |
|
| 页数: | 112页 | |
| 开本: | 26cm | |
| 丛书名: | ||
| 单 册: | ||
| 中图分类: | R722.1 | |
| 科图分类: | ||
| 主题词: | 新生儿疾病--常见病--诊疗 | |
| 电子资源: | ||
| ISBN: | 978-7-5390-6889-3 | |
| 000 | 00901nam0 2200241 450 | |
| 001 | 2362285230 | |
| 005 | 20231201171822.12 | |
| 010 | @a978-7-5390-6889-3@dCNY42.00 | |
| 100 | @a20201022d2019 em y0chiy50 ea | |
| 101 | 0 | @achi |
| 102 | @aCN@b360000 | |
| 105 | @ay z 000yy | |
| 200 | 1 | @a新生儿常见疾病诊疗学@Axin sheng er chang jian ji bing zhen liao xue@f高玉春,吉米兰木·萨迪克,李慧敏主编 |
| 210 | @a南昌@c江西科学技术出版社@d2019 | |
| 215 | @a112页@d26cm | |
| 330 | @a本书共七章,内容包括:绪论、新生儿常见疾病诊治、呼吸科常见疾病诊治、神经内科常见疾病诊治、心血管内科常见疾病诊治、内分泌科常见疾病诊治、常用操作技术。 | |
| 606 | 0 | @a新生儿疾病@x常见病@x诊疗 |
| 690 | @aR722.1@v5 | |
| 701 | 0 | @a高玉春@Agao yu chun@4主编 |
| 701 | 0 | @a吉米兰木·萨迪克@Aji mi lan mu · sa di ke@4主编 |
| 701 | 0 | @a李慧敏@Ali hui min@4主编 |
| 801 | 0 | @aCN@b91MARC@c20201022 |
| 905 | @aZUCC@dR722.1@e7 | |
| 新生儿常见疾病诊疗学/高玉春,吉米兰木·萨迪克,李慧敏主编.-南昌:江西科学技术出版社,2019 |
| 112页;26cm |
| ISBN 978-7-5390-6889-3:CNY42.00 |
| 本书共七章,内容包括:绪论、新生儿常见疾病诊治、呼吸科常见疾病诊治、神经内科常见疾病诊治、心血管内科常见疾病诊治、内分泌科常见疾病诊治、常用操作技术。 |
| ● |
| 相关链接 |
|
|
|
正题名:新生儿常见疾病诊疗学
索取号:R722.1/7
 
预约/预借
| 序号 | 登录号 | 条形码 | 馆藏地/架位号 | 状态 | 备注 |
| 1 | 2001254677 | 2001254677 | 辽宁北方(第一批)/辽宁北方(第一批)/48/ [索取号:R722.1/7] | 在馆 | |
| 2 | 2001254678 | 2001254678 | 辽宁北方(第一批)/辽宁北方(第一批)/48/ [索取号:R722.1/7] | 在馆 | |
| 3 | 2001254679 | 2001254679 | 辽宁北方(第一批)/辽宁北方(第一批)/48/ [索取号:R722.1/7] | 在馆 | |
| 4 | 2001254680 | 2001254680 | 辽宁北方(第一批)/辽宁北方(第一批)/48/ [索取号:R722.1/7] | 在馆 | |
| 5 | 2001254681 | 2001254681 | 辽宁北方(第一批)/辽宁北方(第一批)/48/ [索取号:R722.1/7] | 在馆 | |
| 6 | 2001254682 | 2001254682 | 辽宁北方(第一批)/辽宁北方(第一批)/48/ [索取号:R722.1/7] | 在馆 |